| 000 | 00559nam a2200217 a 4500 | ||
|---|---|---|---|
| 999 |
_c603 _d603 |
||
| 001 | 603 | ||
| 003 | BD-JhCC | ||
| 005 | 20171007203939.0 | ||
| 008 | 171007s1976 a|||| |||| 00| 0 eng d | ||
| 035 | _a(BD-JhCC)603 | ||
| 040 |
_aBD-JhCC _dBD-JhCC |
||
| 041 | _aeng | ||
| 082 |
_222 _a428.64 _bWYM 1976 |
||
| 100 | _aWyme ,Norman . | ||
| 245 |
_aMan and Modern Science / _cNorman Wyme . |
||
| 260 |
_aHong Kong , _bSheck wah tong printing press , _c1976 |
||
| 300 |
_a81p. ; _bill. : _c22cm. |
||
| 650 | _aWyme , Norman | ||
| 942 |
_2ddc _cBK |
||